[Event "DVM U16w 2024"]
[Site "Neumünster GER"]
[Date "2024.12.27"]
[Round "1"]
[White "Ziegler, Annabel"]
[Black "Yan, Jenny"]
[Result "1-0"]
[Termination "normal"]
[Board "3.4"]
[WhiteElo "1346"]
[BlackElo "1501"]
[WhiteClock "00:15:15"]
[BlackClock "00:36:45"]
[WhiteTeam "Chemnitzer SC Aufbau95"]
[BlackTeam "Hamburger SK 1830"]
[PlyCount "69"]
[WhiteFideId "16281683"]
[BlackFideId "34630376"]
[EventCountry "GER"]
[EventRounds "7"]
[EventType "team-swiss"]
[EventDate "2024.12.26"]

1. e4 {[%clk 01:30:58]} c5 {[%clk 01:30:52]} {[%emt 00:00:09]} 2. Nf3 {[%clk
01:31:22]} {[%emt 00:00:06]} e6 {[%clk 01:31:12]} {[%emt 00:00:10]} 3. d4
{[%clk 01:31:25]} {[%emt 00:00:27]} cxd4 {[%clk 01:31:24]} {[%emt 00:00:19]} 4.
Nxd4 {[%clk 01:31:39]} {[%emt 00:00:16]} Nf6 {[%clk 01:31:35]} {[%emt
00:00:18]} 5. Bd3 {[%clk 01:27:13]} {[%emt 00:04:56]} Nc6 {[%clk 01:30:38]}
{[%emt 00:01:27]} 6. c3 {[%clk 01:24:51]} {[%emt 00:02:53]} d5 {[%emt
00:03:23]} 7. exd5 {[%clk 01:16:49]} {[%emt 00:08:31]} Nxd4 {[%clk 01:24:54]}
{[%emt 00:03:22]} 8. cxd4 {[%clk 01:16:34]} {[%emt 00:00:44]} Bb4+ {[%clk
01:20:38]} {[%emt 00:04:46]} 9. Nc3 {[%clk 01:14:32]} {[%emt 00:02:32]} Nxd5
{[%clk 01:17:31]} {[%emt 00:03:37]} 10. Bd2 {[%clk 01:11:05]} {[%emt 00:03:57]}
Nxc3 {[%clk 01:10:53]} {[%emt 00:07:09]} 11. Bxc3 {[%clk 01:07:49]} {[%emt
00:03:45]} Bxc3+ {[%clk 01:11:05]} {[%emt 00:00:18]} 12. bxc3 {[%clk 01:08:07]}
{[%emt 00:00:12]} Bd7 {[%clk 01:08:11]} {[%emt 00:03:25]} 13. O-O {[%clk
01:07:56]} {[%emt 00:00:40]} Qc7 {[%clk 01:05:07]} {[%emt 00:03:34]} 14. Qb3
{[%clk 01:05:24]} {[%emt 00:03:02]} h6 {[%clk 01:01:40]} {[%emt 00:03:57]} 15.
Rab1 {[%clk 01:01:16]} {[%emt 00:04:38]} Rb8 {[%clk 00:59:57]} {[%emt
00:02:13]} 16. Qa3 {[%clk 00:58:38]} {[%emt 00:03:08]} a6 {[%clk 00:58:33]}
{[%emt 00:01:54]} 17. Rfe1 {[%clk 00:55:29]} {[%emt 00:03:40]} Bc6 {[%clk
00:55:09]} {[%emt 00:03:53]} 18. c4 {[%clk 00:44:33]} {[%emt 00:11:26]} Kd7
{[%clk 00:47:41]} {[%emt 00:07:58]} 19. d5 {[%clk 00:42:56]} {[%emt 00:02:07]}
Bxd5 {[%clk 00:43:59]} {[%emt 00:04:12]} 20. cxd5 {[%clk 00:43:06]} {[%emt
00:00:21]} Qd6 {[%clk 00:41:56]} {[%emt 00:02:32]} 21. Qxd6+ {[%clk 00:39:03]}
{[%emt 00:04:33]} Kxd6 {[%clk 00:42:09]} {[%emt 00:00:16]} 22. dxe6 {[%clk
00:39:03]} {[%emt 00:00:31]} fxe6 {[%clk 00:42:13]} {[%emt 00:00:25]} 23. Rb6+
{[%clk 00:39:18]} {[%emt 00:00:16]} Kc7 {[%clk 00:41:52]} {[%emt 00:00:51]} 24.
Rbxe6 {[%clk 00:39:06]} {[%emt 00:00:41]} Rhd8 {[%clk 00:41:43]} {[%emt
00:00:37]} 25. Rc1+ {[%clk 00:37:13]} {[%emt 00:02:26]} Kd7 {[%clk 00:41:35]}
{[%emt 00:00:38]} 26. Bf5 {[%clk 00:35:46]} {[%emt 00:01:56]} Rf8 {[%clk
00:41:02]} {[%emt 00:01:04]} 27. Rg6+ {[%clk 00:24:59]} {[%emt 00:11:17]} Kd8
{[%clk 00:40:24]} {[%emt 00:01:07]} 28. Rd1+ {[%clk 00:23:15]} {[%emt
00:02:15]} Ke8 {[%clk 00:40:44]} {[%emt 00:00:09]} 29. Re6+ {[%clk 00:20:45]}
{[%emt 00:03:01]} Kf7 {[%clk 00:40:43]} {[%emt 00:00:31]} 30. Rd7+ {[%clk
00:20:02]} {[%emt 00:01:12]} Kg8 {[%clk 00:40:56]} {[%emt 00:00:18]} 31. Bg6
{[%clk 00:18:03]} {[%emt 00:02:29]} Rbc8 {[%clk 00:35:57]} {[%emt 00:05:30]}
32. h3 {[%clk 00:17:58]} {[%emt 00:00:34]} Rc1+ {[%clk 00:36:07]} {[%emt
00:00:19]} 33. Kh2 {[%clk 00:18:17]} {[%emt 00:00:12]} Ra1 {[%clk 00:36:30]}
{[%emt 00:00:06]} 34. Rxb7 {[%clk 00:16:11]} {[%emt 00:02:37]} Rxa2 {[%clk
00:36:45]} {[%emt 00:00:16]} 35. Ree7 {[%clk 00:15:15]} {[%emt 00:01:24]} 1-0

[Event "DVM U16w 2024"]
[Site "Neumünster GER"]
[Date "2024.12.27"]
[Round "1"]
[White "Reich, Elisabeth"]
[Black "Stepanjan, Tatevik Mia"]
[Result "1-0"]
[Termination "normal"]
[Board "4.1"]
[WhiteElo "1861"]
[BlackElo "1572"]
[WhiteClock "00:37:38"]
[BlackClock "00:02:29"]
[WhiteTeam "ATSV Oberkotzau"]
[BlackTeam "Elmshorner SC 1896"]
[PlyCount "57"]
[WhiteFideId "16239776"]
[BlackFideId "16246128"]
[EventCountry "GER"]
[EventRounds "7"]
[EventType "team-swiss"]
[EventDate "2024.12.26"]

1. Nf3 {[%clk 01:30:58]} {[%emt 00:00:01]} d5 {[%clk 01:30:10]} {[%emt
00:00:50]} 2. g3 {[%clk 01:31:21]} {[%emt 00:00:07]} Nf6 {[%clk 01:29:25]}
{[%emt 00:01:14]} 3. d3 {[%clk 01:31:43]} {[%emt 00:00:08]} Bf5 {[%clk
01:27:56]} {[%emt 00:01:59]} 4. Nbd2 {[%clk 01:31:56]} {[%emt 00:00:17]} e6
{[%clk 01:26:39]} {[%emt 00:01:48]} 5. Bg2 {[%clk 01:32:15]} {[%emt 00:00:10]}
c5 {[%clk 01:22:22]} {[%emt 00:04:47]} 6. O-O {[%clk 01:31:32]} {[%emt
00:01:13]} Bd6 {[%clk 01:20:54]} {[%emt 00:01:58]} 7. Re1 {[%clk 01:30:57]}
{[%emt 00:01:04]} Nc6 {[%clk 01:14:11]} {[%emt 00:07:15]} 8. c3 {[%clk
01:25:28]} {[%emt 00:05:59]} Qb6 {[%clk 01:08:47]} {[%emt 00:05:53]} 9. e4
{[%clk 01:23:44]} {[%emt 00:02:14]} Bg4 {[%clk 00:55:02]} {[%emt 00:14:14]} 10.
h3 {[%clk 01:17:34]} {[%emt 00:06:41]} Bxf3 {[%clk 00:53:33]} {[%emt 00:02:00]}
11. Nxf3 {[%clk 01:16:24]} {[%emt 00:01:40]} dxe4 {[%clk 00:48:41]} {[%emt
00:05:22]} 12. dxe4 {[%clk 01:16:45]} {[%emt 00:00:09]} Ne5 {[%clk 00:47:16]}
{[%emt 00:01:54]} 13. Nxe5 {[%clk 01:15:23]} {[%emt 00:01:53]} Bxe5 {[%clk
00:46:19]} {[%emt 00:01:28]} 14. f4 {[%clk 01:14:24]} {[%emt 00:01:28]} Bc7
{[%clk 00:43:59]} {[%emt 00:02:49]} 15. e5 {[%clk 01:11:44]} {[%emt 00:03:08]}
Rd8 {[%clk 00:39:43]} {[%emt 00:04:48]} 16. Qa4+ {[%clk 01:09:07]} {[%emt
00:03:03]} Nd7 {[%clk 00:39:03]} {[%emt 00:01:15]} 17. Rd1 {[%clk 01:05:37]}
{[%emt 00:03:59]} Bb8 {[%clk 00:30:23]} {[%emt 00:09:10]} 18. Rb1 {[%clk
00:59:10]} {[%emt 00:06:56]} Qc7 {[%clk 00:27:32]} {[%emt 00:03:18]} 19. Qb5
{[%clk 00:56:37]} {[%emt 00:02:59]} b6 {[%clk 00:22:58]} {[%emt 00:05:13]} 20.
Bc6 {[%clk 00:52:11]} {[%emt 00:04:55]} a6 {[%clk 00:17:42]} {[%emt 00:05:47]}
21. Qa4 {[%clk 00:47:18]} {[%emt 00:05:20]} Qa7 {[%clk 00:17:26]} {[%emt
00:00:48]} 22. Be3 {[%clk 00:46:50]} {[%emt 00:00:55]} b5 {[%clk 00:16:50]}
{[%emt 00:01:09]} 23. Qa3 {[%clk 00:45:22]} {[%emt 00:01:56]} Qb6 {[%clk
00:09:31]} {[%emt 00:07:50]} 24. Qxc5 {[%clk 00:44:35]} {[%emt 00:01:18]} Qc7
{[%clk 00:08:56]} {[%emt 00:01:04]} 25. Rxd7 {[%clk 00:37:59]} {[%emt
00:07:08]} Rxd7 {[%clk 00:08:14]} {[%emt 00:01:11]} 26. Rd1 {[%clk 00:37:19]}
{[%emt 00:01:07]} f6 {[%clk 00:02:57]} {[%emt 00:05:50]} 27. Rxd7 {[%clk
00:36:57]} {[%emt 00:00:52]} Qxd7 {[%clk 00:02:36]} {[%emt 00:00:52]} 28. Bxd7+
{[%clk 00:37:20]} {[%emt 00:00:07]} Kxd7 {[%clk 00:02:29]} {[%emt 00:00:37]}
29. exf6 {[%clk 00:37:38]} {[%emt 00:00:11]} 1-0

[Event "DVM U16w 2024"]
[Site "Neumünster GER"]
[Date "2024.12.27"]
[Round "1"]
[White "Margaryan, Sofia"]
[Black "Hergenröder, Cora"]
[Result "1/2-1/2"]
[Termination "normal"]
[Board "4.2"]
[WhiteElo "1532"]
[BlackElo "1681"]
[WhiteClock "00:11:54"]
[BlackClock "00:13:01"]
[WhiteTeam "Elmshorner SC 1896"]
[BlackTeam "ATSV Oberkotzau"]
[PlyCount "47"]
[WhiteFideId "16268229"]
[BlackFideId "34603700"]
[EventCountry "GER"]
[EventRounds "7"]
[EventType "team-swiss"]
[EventDate "2024.12.26"]

1. d4 {[%clk 01:30:57]} {[%emt 00:00:02]} d5 {[%clk 01:30:57]} {[%emt
00:00:04]} 2. c4 {[%clk 01:31:24]} {[%emt 00:00:03]} e6 {[%clk 01:31:23]}
{[%emt 00:00:04]} 3. Nc3 {[%clk 01:31:50]} {[%emt 00:00:04]} Nf6 {[%clk
01:31:45]} {[%emt 00:00:08]} 4. Bg5 {[%clk 01:32:05]} {[%emt 00:00:15]} Be7
{[%clk 01:32:09]} {[%emt 00:00:07]} 5. e3 {[%clk 01:32:26]} {[%emt 00:00:08]}
O-O {[%clk 01:32:18]} {[%emt 00:00:21]} 6. Nf3 {[%clk 01:32:49]} {[%emt
00:00:06]} Nbd7 {[%clk 01:31:47]} {[%emt 00:01:02]} 7. cxd5 {[%clk 01:31:51]}
{[%emt 00:01:28]} exd5 {[%clk 01:32:05]} {[%emt 00:00:12]} 8. Bd3 {[%clk
01:32:12]} {[%emt 00:00:08]} Re8 {[%clk 01:28:10]} {[%emt 00:04:26]} 9. O-O
{[%clk 01:32:26]} {[%emt 00:00:15]} c6 {[%clk 01:27:15]} {[%emt 00:01:25]} 10.
a3 {[%clk 01:28:27]} {[%emt 00:04:29]} Ne4 {[%clk 01:19:47]} {[%emt 00:07:58]}
11. Bxe7 {[%clk 01:21:39]} {[%emt 00:07:19]} Qxe7 {[%clk 01:19:59]} {[%emt
00:00:18]} 12. Bxe4 {[%clk 01:22:01]} {[%emt 00:00:07]} dxe4 {[%clk 01:20:16]}
{[%emt 00:00:14]} 13. Nd2 {[%clk 01:22:10]} {[%emt 00:00:20]} Nf6 {[%clk
01:14:21]} {[%emt 00:06:26]} 14. b4 {[%clk 01:19:19]} {[%emt 00:03:20]} Bf5
{[%clk 01:01:43]} {[%emt 00:13:08]} 15. Rc1 {[%clk 01:18:31]} {[%emt 00:01:17]}
Rad8 {[%clk 00:55:01]} {[%emt 00:07:13]} 16. Qb3 {[%clk 01:10:27]} {[%emt
00:08:34]} Nd5 {[%clk 00:52:24]} {[%emt 00:03:07]} 17. Nxd5 {[%clk 00:52:52]}
{[%emt 00:18:04]} Rxd5 {[%clk 00:51:17]} {[%emt 00:01:38]} 18. a4 {[%clk
00:48:30]} {[%emt 00:04:52]} Qh4 {[%clk 00:37:43]} {[%emt 00:14:04]} 19. f3
{[%clk 00:37:05]} {[%emt 00:11:55]} Be6 {[%clk 00:28:25]} {[%emt 00:09:48]} 20.
g3 {[%clk 00:26:43]} {[%emt 00:10:52]} Qh3 {[%clk 00:22:37]} {[%emt 00:06:18]}
21. Rf2 {[%clk 00:26:30]} {[%emt 00:00:42]} Rxd4 {[%clk 00:16:00]} {[%emt
00:07:09]} 22. Qb2 {[%clk 00:21:24]} {[%emt 00:05:35]} Rd3 {[%clk 00:14:42]}
{[%emt 00:01:48]} 23. Nxe4 {[%clk 00:15:09]} {[%emt 00:06:45]} Rxe3 {[%clk
00:13:01]} {[%emt 00:02:11]} 24. b5 {[%clk 00:11:54]} {[%emt 00:03:45]} 1/2-1/2

[Event "DVM U16w 2024"]
[Site "Neumünster GER"]
[Date "2024.12.27"]
[Round "1"]
[White "Leuchsenring, Delia"]
[Black "Margaryan, Mane"]
[Result "1-0"]
[Termination "normal"]
[Board "4.3"]
[WhiteElo "1500"]
[BlackElo "1533"]
[WhiteClock "00:55:02"]
[BlackClock "00:39:58"]
[WhiteTeam "ATSV Oberkotzau"]
[BlackTeam "Elmshorner SC 1896"]
[PlyCount "29"]
[WhiteFideId "34605304"]
[BlackFideId "16268237"]
[EventCountry "GER"]
[EventRounds "7"]
[EventType "team-swiss"]
[EventDate "2024.12.26"]

1. e4 {[%clk 01:30:58]} c5 {[%clk 01:30:57]} {[%emt 00:00:04]} 2. c3 {[%clk
01:31:23]} {[%emt 00:00:05]} e6 {[%clk 01:31:22]} {[%emt 00:00:05]} 3. d4
{[%clk 01:31:35]} {[%emt 00:00:17]} cxd4 {[%clk 01:31:47]} {[%emt 00:00:06]} 4.
cxd4 {[%clk 01:31:37]} {[%emt 00:00:28]} d5 {[%clk 01:32:02]} {[%emt 00:00:14]}
5. e5 {[%clk 01:31:31]} {[%emt 00:00:37]} Nc6 {[%clk 01:31:12]} {[%emt
00:01:20]} 6. Nf3 {[%clk 01:30:59]} {[%emt 00:01:02]} Qa5+ {[%clk 01:28:47]}
{[%emt 00:02:55]} 7. Nc3 {[%clk 01:28:51]} {[%emt 00:02:38]} Bb4 {[%clk
01:27:20]} {[%emt 00:01:57]} 8. Bd2 {[%clk 01:25:09]} {[%emt 00:04:12]} Nge7
{[%clk 01:22:59]} {[%emt 00:04:51]} 9. Bd3 {[%clk 01:15:57]} {[%emt 00:09:41]}
O-O {[%clk 01:17:57]} {[%emt 00:05:32]} 10. Bxh7+ {[%clk 01:04:40]} {[%emt
00:11:47]} Kxh7 {[%clk 00:58:35]} {[%emt 00:19:52]} 11. Ng5+ {[%clk 01:04:27]}
{[%emt 00:00:43]} Kg6 {[%clk 00:58:51]} {[%emt 00:00:15]} 12. Qg4 {[%clk
01:00:18]} {[%emt 00:04:39]} f5 {[%clk 00:53:37]} {[%emt 00:05:44]} 13. Qh4
{[%clk 00:56:06]} {[%emt 00:04:42]} f4 {[%clk 00:49:55]} {[%emt 00:04:12]} 14.
g4 {[%clk 00:54:47]} {[%emt 00:01:49]} fxg3 {[%clk 00:39:58]} {[%emt 00:10:26]}
15. Qh7# {[%clk 00:55:02]} {[%emt 00:00:15]} 1-0

[Event "DVM U16w 2024"]
[Site "Neumünster GER"]
[Date "2024.12.27"]
[Round "1"]
[White "Vasilieva, Sophie Victoria"]
[Black "Köppel, Clementine"]
[Result "0-1"]
[Termination "normal"]
[Board "4.4"]
[WhiteElo "1677"]
[BlackElo "1555"]
[WhiteClock "01:24:39"]
[BlackClock "00:27:03"]
[WhiteTeam "Elmshorner SC 1896"]
[BlackTeam "ATSV Oberkotzau"]
[PlyCount "68"]
[WhiteFideId "533007071"]
[BlackFideId "34605819"]
[EventCountry "GER"]
[EventRounds "7"]
[EventType "team-swiss"]
[EventDate "2024.12.26"]

1. d4 {[%clk 01:30:57]} {[%emt 00:00:02]} d5 {[%clk 01:30:54]} {[%emt
00:00:07]} 2. Nf3 {[%clk 01:31:21]} {[%emt 00:00:06]} Nf6 {[%clk 01:30:51]}
{[%emt 00:00:33]} 3. Bf4 {[%clk 01:31:39]} {[%emt 00:00:12]} Nc6 {[%clk
01:29:57]} {[%emt 00:01:24]} 4. e3 {[%clk 01:31:28]} {[%emt 00:00:40]} Bf5
{[%clk 01:29:12]} {[%emt 00:01:14]} 5. c4 {[%clk 01:31:37]} {[%emt 00:00:22]}
e6 {[%clk 01:27:31]} {[%emt 00:02:12]} 6. Nc3 {[%clk 01:31:43]} {[%emt
00:00:23]} Bb4 {[%clk 01:24:15]} {[%emt 00:03:47]} 7. cxd5 {[%clk 01:30:54]}
{[%emt 00:01:19]} Nxd5 {[%clk 01:19:04]} {[%emt 00:05:41]} 8. Rc1 {[%clk
01:30:19]} {[%emt 00:01:03]} Nxc3 {[%clk 01:17:26]} {[%emt 00:02:11]} 9. bxc3
{[%clk 01:30:33]} {[%emt 00:00:15]} Ba3 {[%clk 01:17:05]} {[%emt 00:00:50]} 10.
Ra1 {[%clk 01:29:50]} {[%emt 00:01:14]} Bb2 {[%clk 01:14:19]} {[%emt 00:03:15]}
11. c4 {[%clk 01:28:36]} {[%emt 00:01:45]} Bc3+ {[%clk 01:12:37]} {[%emt
00:02:12]} 12. Nd2 {[%clk 01:27:37]} {[%emt 00:01:29]} Bxa1 {[%clk 01:11:58]}
{[%emt 00:01:10]} 13. Qxa1 {[%clk 01:27:48]} {[%emt 00:00:18]} O-O {[%clk
01:09:41]} {[%emt 00:02:46]} 14. Be2 {[%clk 01:27:51]} {[%emt 00:00:23]} Qd7
{[%clk 01:00:03]} {[%emt 00:10:13]} 15. O-O {[%clk 01:26:58]} {[%emt 00:01:22]}
Rad8 {[%clk 00:57:56]} {[%emt 00:02:37]} 16. Nf3 {[%clk 01:27:01]} {[%emt
00:00:27]} Rfe8 {[%clk 00:50:05]} {[%emt 00:08:23]} 17. Rd1 {[%clk 01:26:17]}
{[%emt 00:01:08]} Be4 {[%clk 00:40:51]} {[%emt 00:09:46]} 18. Ne5 {[%clk
01:25:10]} {[%emt 00:01:40]} Nxe5 {[%clk 00:37:28]} {[%emt 00:03:54]} 19. dxe5
{[%clk 01:24:44]} {[%emt 00:00:55]} Qc6 {[%clk 00:36:00]} {[%emt 00:01:58]} 20.
f3 {[%clk 01:24:28]} {[%emt 00:00:44]} Bc2 {[%clk 00:33:23]} {[%emt 00:03:09]}
21. Rxd8 {[%clk 01:24:23]} {[%emt 00:00:35]} Rxd8 {[%clk 00:33:32]} {[%emt
00:00:21]} 22. Bg5 {[%clk 01:24:41]} {[%emt 00:00:11]} Rd2 {[%clk 00:31:45]}
{[%emt 00:02:16]} 23. Bf1 {[%clk 01:24:26]} {[%emt 00:00:43]} Rd1 {[%clk
00:31:05]} {[%emt 00:01:14]} 24. Qb2 {[%clk 01:24:07]} {[%emt 00:00:36]} Qxc4
{[%clk 00:31:08]} {[%emt 00:00:39]} 25. h3 {[%clk 01:23:54]} {[%emt 00:00:43]}
Qxf1+ {[%clk 00:28:28]} {[%emt 00:03:11]} 26. Kh2 {[%clk 01:24:11]} {[%emt
00:00:10]} Rd2 {[%clk 00:28:34]} {[%emt 00:00:26]} 27. Kg3 {[%clk 01:24:15]}
{[%emt 00:00:23]} Qxg2+ {[%clk 00:27:30]} {[%emt 00:01:38]} 28. Kh4 {[%clk
01:23:55]} {[%emt 00:00:47]} Qf2+ {[%clk 00:25:50]} {[%emt 00:02:11]} 29. Kg4
{[%clk 01:23:55]} {[%emt 00:00:19]} Bf5+ {[%clk 00:26:07]} {[%emt 00:00:25]}
30. Kf4 {[%clk 01:23:53]} {[%emt 00:00:32]} Rxb2 {[%clk 00:26:27]} {[%emt
00:00:10]} 31. e4 {[%clk 01:24:01]} {[%emt 00:00:22]} Rb4 {[%clk 00:26:17]}
{[%emt 00:00:39]} 32. Be7 {[%clk 01:23:56]} {[%emt 00:00:37]} Rxe4+ {[%clk
00:26:31]} {[%emt 00:00:16]} 33. Kg5 {[%clk 01:24:18]} {[%emt 00:00:08]} h6+
{[%clk 00:26:42]} {[%emt 00:00:18]} 34. Kh5 {[%clk 01:24:39]} {[%emt 00:00:08]}
Bg6# {[%clk 00:27:03]} {[%emt 00:00:10]} 0-1

[Event "DVM U16w 2024"]
[Site "Neumünster GER"]
[Date "2024.12.27"]
[Round "1"]
[White "Bakó, Isabella"]
[Black "Neumann, Helena"]
[Result "0-1"]
[Termination "normal"]
[Board "5.1"]
[WhiteElo "1600"]
[BlackElo "2041"]
[WhiteClock "00:34:07"]
[BlackClock "01:00:07"]
[WhiteTeam "SV Stuttgart-Wolfbusch 1956"]
[BlackTeam "SG Porz"]
[PlyCount "74"]
[WhiteFideId "16287266"]
[BlackFideId "16275365"]
[EventCountry "GER"]
[EventRounds "7"]
[EventType "team-swiss"]
[EventDate "2024.12.26"]

1. d4 {[%clk 01:30:58]} {[%emt 00:00:01]} Nf6 {[%clk 01:30:56]} {[%emt
00:00:04]} 2. Nf3 {[%clk 01:31:17]} {[%emt 00:00:11]} e6 {[%clk 01:31:21]}
{[%emt 00:00:05]} 3. e3 {[%clk 01:31:20]} {[%emt 00:00:27]} b6 {[%clk
01:30:52]} {[%emt 00:01:00]} 4. Bd3 {[%clk 01:31:03]} {[%emt 00:00:47]} Bb7
{[%clk 01:31:18]} {[%emt 00:00:04]} 5. b3 {[%clk 01:30:35]} {[%emt 00:00:57]}
Be7 {[%clk 01:30:08]} {[%emt 00:01:40]} 6. Nbd2 {[%clk 01:30:09]} {[%emt
00:00:56]} c5 {[%clk 01:29:52]} {[%emt 00:00:46]} 7. Bb2 {[%clk 01:29:01]}
{[%emt 00:01:38]} Nc6 {[%clk 01:28:42]} {[%emt 00:01:40]} 8. a3 {[%clk
01:26:40]} {[%emt 00:02:51]} cxd4 {[%clk 01:27:57]} {[%emt 00:01:15]} 9. exd4
{[%clk 01:26:52]} {[%emt 00:00:18]} Qc7 {[%clk 01:25:31]} {[%emt 00:02:56]} 10.
O-O {[%clk 01:25:52]} {[%emt 00:01:29]} O-O {[%clk 01:25:57]} {[%emt 00:00:05]}
11. c4 {[%clk 01:24:16]} {[%emt 00:02:06]} d5 {[%clk 01:25:13]} {[%emt
00:01:14]} 12. cxd5 {[%clk 01:22:47]} {[%emt 00:01:59]} Nxd5 {[%clk 01:24:52]}
{[%emt 00:00:51]} 13. Qc2 {[%clk 01:20:35]} {[%emt 00:02:41]} h6 {[%clk
01:24:43]} {[%emt 00:00:39]} 14. Be4 {[%clk 01:17:14]} {[%emt 00:03:51]} Rfd8
{[%clk 01:21:06]} {[%emt 00:04:08]} 15. Rac1 {[%clk 01:13:29]} {[%emt
00:04:14]} Rac8 {[%clk 01:15:41]} {[%emt 00:05:56]} 16. Qd3 {[%clk 01:03:31]}
{[%emt 00:10:27]} Qb8 {[%clk 01:12:51]} {[%emt 00:03:20]} 17. b4 {[%clk
01:00:26]} {[%emt 00:03:36]} Bf6 {[%clk 01:06:00]} {[%emt 00:07:21]} 18. b5
{[%clk 00:50:35]} {[%emt 00:10:21]} Nce7 {[%clk 01:06:18]} {[%emt 00:00:12]}
19. Nb1 {[%clk 00:45:24]} {[%emt 00:05:41]} Nf4 {[%clk 00:58:09]} {[%emt
00:08:39]} 20. Qe3 {[%clk 00:45:16]} {[%emt 00:00:37]} Bxe4 {[%clk 00:57:49]}
{[%emt 00:00:50]} 21. Qxe4 {[%clk 00:44:04]} {[%emt 00:01:43]} Rxc1 {[%clk
00:55:14]} {[%emt 00:03:05]} 22. Rxc1 {[%clk 00:44:20]} {[%emt 00:00:14]} Nf5
{[%clk 00:55:37]} {[%emt 00:00:08]} 23. Ne5 {[%clk 00:42:40]} {[%emt 00:02:09]}
Bxe5 {[%clk 00:55:42]} {[%emt 00:00:25]} 24. dxe5 {[%clk 00:42:42]} {[%emt
00:00:27]} Nd3 {[%clk 00:56:06]} {[%emt 00:00:07]} 25. Rc2 {[%clk 00:41:40]}
{[%emt 00:01:32]} Nxb2 {[%clk 00:56:30]} {[%emt 00:00:06]} 26. g4 {[%clk
00:38:28]} {[%emt 00:03:41]} Nh4 {[%clk 00:56:40]} {[%emt 00:00:20]} 27. Rd2
{[%clk 00:36:40]} {[%emt 00:02:18]} Rxd2 {[%clk 00:56:38]} {[%emt 00:00:33]}
28. Nxd2 {[%clk 00:37:05]} {[%emt 00:00:05]} Qd8 {[%clk 00:56:59]} {[%emt
00:00:08]} 29. Nf1 {[%clk 00:34:31]} {[%emt 00:03:03]} Qd5 {[%clk 00:57:20]}
{[%emt 00:00:11]} 30. Qxd5 {[%clk 00:34:15]} {[%emt 00:00:45]} exd5 {[%clk
00:57:45]} {[%emt 00:00:06]} 31. Nd2 {[%clk 00:33:51]} {[%emt 00:00:53]} Nc4
{[%clk 00:58:01]} {[%emt 00:00:15]} 32. Nb3 {[%clk 00:33:49]} {[%emt 00:00:31]}
Nf3+ {[%clk 00:58:20]} {[%emt 00:00:12]} 33. Kg2 {[%clk 00:33:36]} {[%emt
00:00:43]} Nfxe5 {[%clk 00:58:46]} {[%emt 00:00:04]} 34. Kg3 {[%clk 00:33:48]}
{[%emt 00:00:18]} Nxa3 {[%clk 00:59:11]} {[%emt 00:00:05]} 35. f4 {[%clk
00:33:58]} {[%emt 00:00:20]} Nec4 {[%clk 00:59:16]} {[%emt 00:00:26]} 36. Kf3
{[%clk 00:33:58]} {[%emt 00:00:29]} Nxb5 {[%clk 00:59:41]} {[%emt 00:00:05]}
37. Ke2 {[%clk 00:34:07]} {[%emt 00:00:21]} a5 {[%clk 01:00:07]} {[%emt
00:00:05]} 0-1